000 00558nam a2200217Ia 4500
005 20260115172731.0
008 008 260114s9999 xx 000 0 eng d
020 _a9781912961153
037 _aEBOOK
040 _aCRL
_beng
_cCRL
041 _aeng
_2eng
084 _qCRL
100 _aBrinckmann
_9878089
245 4 _aThe Call of Japan
260 _bAmsterdam University Press
260 _bCambridge University Press
260 _c2022
856 _uhttps://doi.org/10.1017/9781912961153
942 _cEBOOK
999 _c1476694
_d1476694